Places in Norfolk - sudden death - Statistics

General Stats
  • This quiz has been taken 78 times
  • The average score is 12 of 24
Answers on the Grid
Answers color-coded by a green-red scale on the quiz's grid according to % correct below.
Boston
Carlisle
Ipswich
Shrewsbury
Norwich
Terwillegar Towne
Woolwich
Scarsdale
Great Yarmouth
Southend-on-Sea
Robert's Walpole's birthplace
The Wash
Garoua
Cromer
The Broads
North Sea coastline
King's Lynn
Nepean
Lady Diana's birthplace
Barisal
Hunstanton
Corfe Mullen
RAF Lakenheath
Swaffham
Alan Turing's birthplace
Downham Market
Chanhassen
Teaneck
Costessey
Robertsport
Snettisham
Sandringham House
Caister-on-Sea
Birthplace of George VI
Croxteth
Woburn Sands
George
Diss
Wymondham
Wroxham
Broadbottom
Fakenham
Two Mile Ash
Buckenham Marshes
Littleport
Harborne
Aylsham
A site with 850,000-year-old human footprints
 
Answer Stats
Answer % Correct
Norwich
90%
King's Lynn
79%
Cromer
77%
Great Yarmouth
77%
Network of navigable rivers and lakes The Broads
73%
North Sea coastline
65%
Sandringham House
60%
The Wash
58%
Diss
56%
Hunstanton
56%
Caister-on-Sea
52%
Downham Market
52%
Swaffham
52%
Fakenham
46%
Wymondham
44%
Sandringham Lady Diana's birthplace
42%
RSPB reserve Snettisham
42%
Wroxham
42%
Aylsham
40%
Norwich Costessey
35%
Happisburgh footprints, the oldest found outwith Africa A site with 850,000-year-old human footprints
25%
RSPB reserve Buckenham Marshes
23%
(Considered the first PM) - Houghton Robert's Walpole's birthplace
15%
Sandringham Birthplace of George VI
13%
No matching quizzes found
Score Distribution
Percent of People with Each Score
Percentile by Number Answered
Your Score History
You have not taken this quiz